| 000 | 00895cad a22002055a 4500 | ||
|---|---|---|---|
| 001 | E153895 | ||
| 008 | 110919e20110915xxk 000 0 eng d | ||
| 035 | _a(Sirsi) u153895 | ||
| 041 | 0 | _aeng | |
| 110 | 2 |
_aScotland _bScottish Government _95344 |
|
| 245 | 0 | 0 |
_aMore affordable homes _h[electronic resource] |
| 260 | _c2011 | ||
| 490 |
_aScottish Government News Release _v15 September 2011 |
||
| 520 | _aAnnounces that the Scottish Government's £55m Innovation and Investment Fund (IIF) will be matched by funding from councils, housing associations and private developers to provide in excess of 2 700 new affordable homes. | ||
| 590 | _aKA | ||
| 651 | 4 |
_aScotland _y1999- |
|
| 690 | _aPROPERTY-RESIDENTIAL PROPERTY-DOMESTIC RESIDENTIAL PROPERTY-HOUSING | ||
| 856 | 4 | 0 |
_uhttps://www.scotland.gov.uk/News/Releases/2011/09/14150855 _zView the news release at www.scotland.gov.uk |
| 942 | _n0 | ||
| 999 |
_c83410 _d83410 |
||